| 000 | 00571nam a22001817a 4500 | ||
|---|---|---|---|
| 005 | 20251108165421.0 | ||
| 008 | 250721s1982 xx 000 0 ara d | ||
| 082 | 1 | 4 | _a939.55/مدو |
| 100 | 1 | _aالمدور، مروان | |
| 245 | 1 | 0 | _aالأرمن عبر التاريخ / |
| 264 | 1 |
_aبيروت : _bمكتبة الحياة، _c1982. |
|
| 300 | _a716ص | ||
| 500 | _aيحتوي الكتاب على لوحة خاصة بالحروف و الكتابة الأرمنية | ||
| 650 | 1 | 7 | _aأرمينيا |
| 650 | 1 | 7 | _aالتاريخ |
| 942 |
_2ddc _cBK |
||
| 999 |
_c27423 _d27423 |
||